00562 2200229 4500001002100000005001700021008004100038020001900079035002400098082001000122090002000132100001500152245004100167250001100208260002700219300002400246650001100270850001500281985000600296999001500302999001500317YOGYA-0209000002810520090227024212.0 ind  a979-0547-043-4 0010-020900000028105 a530.1 a530.1bSil DlT aSILABAN, P aDasar-dasar fisika teoricP. Silaban aCet. 2 aBandungbAngkasac1991 a70 hlmbilusc21 cm aFisika aYOPDYOG(B) a2 a94P0053417 a95P0067538